000 00658nam a22002297a 4500
999 _c3252
_d3252
001 2316994
003 GBCCL
005 20241126110451.0
008 820122|1981 ||| 000 0 eng
010 _a 81082021
020 _a0882438859 (pbk.) :
_c$2.50
040 _aDLC
_cDLC
_dDLC
050 0 0 _aMLCS 82/3568
082 _a254.5
_bHAM
100 1 _aHamilton, Michael
_96690
245 1 0 _aGod's plan for the church--growth! /
_cMichael Hamilton.
260 _aSpringfield, Mo. :
_bGospel Pub. House,
_cc1981.
300 _a125 p. ; 19 cm.
440 _aRadiant books
_96691
906 _a7
_bcbc
_corignew
_d4
_eopcn
_f19
_gy-gencatlg
942 _2ddc
_cBK
_08